LDR 01346naa#a2200241#i#450# 001 RU\\bibl\125998 005 20260630080008.2 011 ## _a2077-7566 100 ## _a20260629b2026####ek#y0rusy0150####ca 101 0# _aRUS 102 ## _aRU 200 1# _aСРАВНИТЕЛЬНАЯ ОЦЕНКА ЭЛЕМЕНТНОГО СОСТАВА АДГЕЗИОННОГО ИНТЕРФЕЙСА КЕРАМИЧЕСКИХ КОНСТРУКЦИЙ ПРИ ИСПОЛЬЗОВАНИИ АДГЕЗИВНЫХ СИСТЕМ V ПОКОЛЕНИЯ МЕТОДОМ РЕНТГЕНОВСКОГО МИКРОЗОНДОВОГО АНАЛИЗА _eЖурнальная статья 210 1# _aЕкатеринбург _cИздательский Дом «ТИРАЖ» _d2026 215 ## _a8 с. 608 ## _aЖурнальная статья _2local 675 ## _aСтоматология. Заболевания ротовой полости и зубов. 616.31 _zRUS 700 #1 _aСахабутдинова _gДиана Рамильевна 700 #1 _aТиунова _gНаталья Викторовна 700 #1 _aБычкова _gКсения Игоревна 700 #1 _aИсманова _gАлсу Муратбековна 700 #1 _aБегинян _gАртем Давидович 700 #1 _aМахман-Эмирова _gШахбаз Сенюлаховна 856 4# _adental-press.ru _u